Diccionario ilustrado: rapa nui, español, inglés, francés

Uloženo v:
Podrobná bibliografie
Hlavní autoři: Hernández Sallés, Arturo (Autor), Ramos Pizarro, Nelly (Autor)
Médium: Kniha
Jazyk:španělština
francouzština
rapanuiština
angličtina
Vydáno: Santiago Pehuén 2001
Témata:
Tagy: Přidat tag
Žádné tagy, Buďte první, kdo vytvoří štítek k tomuto záznamu!

MARC

LEADER 00000nam a2200000 a 4500
001 UCL4890
003 CL-VaPUC
008 040227e20010000CL |||||||||||||||||spa|d
020 |a 9561603381 
041 0 7 |a spa  |2 CL-VaPUC 
041 0 7 |a fre  |2 CL-VaPUC 
041 0 7 |a rap  |2 CL-VaPUC 
041 0 7 |a eng  |2 CL-VaPUC 
082 0 4 |a 499.4  |b HER  |2 21 
100 |a Hernández Sallés, Arturo  |e author  |9 541683 
700 0 |a Ramos Pizarro, Nelly  |e author  |9 482596 
245 1 0 |a Diccionario ilustrado: rapa nui, español, inglés, francés 
300 |a 152 p 
942 |c BK 
945 |d 20040227 00:00:00  |a cmena 
260 |a Santiago  |b Pehuén  |c 2001 
650 0 |a Diccionarios  |9 256200 
650 7 |a LENGUA RAPANUI  |2 CL-VaPUC  |9 461492 
583 |a last modification  |c 20040227 00:00:00  |k Rodrigo Vera 
999 |c 307645  |d 307643 
952 |0 0  |1 0  |4 0  |6 499_400000000000000_HER_2001  |7 0  |8 X  |9 373689  |a BIBEDU  |b BIBEDU  |d 2019-11-21  |i 3986608  |o 499.4 HER 2001  |p 3986608  |r 2023-01-13  |w 2019-11-21  |y BK_X  |k PAR 
952 |0 0  |1 0  |4 0  |6 499_400000000000000_HER_2001  |7 0  |8 X  |9 373690  |a FDOMLP  |b FDOMLP  |d 2019-11-21  |i 4110625  |o 499.4 HER 2001  |p 4110625  |r 2019-11-21  |w 2019-11-21  |y BK_X  |k BU2